000 00342 a2200157 4500
001 56601
020 _a9788502023604
040 _cAnchieta - Pituba
100 _aAlbergaria, Lino de
240 1 0 _aDe Paris, com amor
_lpor
245 1 0 _aDe Paris, com amor
300 _a87
362 0 _a2010
650 4 _aLiteratura juvenil
942 _cBK
999 _c56601
_d56601